| 000 | 01144nam0a2200301 4500 | ||
|---|---|---|---|
| 001 | RU\NLR\bibl\24831 | ||
| 005 | 20260405173206.0 | ||
| 010 |
_a5-87873-027-8 _915000 |
||
| 021 |
_aRU _b99-9465 _9457 |
||
| 035 | _a(NLR Aleph) 000024207 | ||
| 090 |
_a115189 _c115189 |
||
| 100 | _a19990428d1999 |||y0rusy50 ca | ||
| 101 | 0 | _arus | |
| 102 | _aRU | ||
| 105 | _aa ||||||||| | ||
| 200 | 1 |
_aМатушка Ульяна _eЭпизод из жизни св. прав. Иулиании Лазаревской _f[Опочинин Е.Н.] |
|
| 210 |
_aМ. _cХрам во имя Преображения Господня _d1999 |
||
| 215 |
_a21 с. _cцв. ил. _d21 |
||
| 600 | 0 |
_aИулиания Лазаревская _cсвятая _f? - 1604 _92085285 _3RU\NLR\auth\661261400 |
|
| 686 | _aЭ372.24-574.8 | ||
| 700 | 1 |
_4070 _8rus _7ca _aОпочинин _bЕ. Н. _f1858-1928 _gЕвгений Николаевич _3RU\NLR\auth\7774600 _957528 |
|
| 801 | 0 |
_aRU _bNLR _c19990428 _gPSBO |
|
| 801 | 1 |
_aRU _bNLR _c19990428 |
|
| 852 |
_aNLR _j99-4/1247 |
||
| 942 | _cBOOK | ||
| 980 | _aNB | ||